书目信息 |
| 题名: |
电力实用英语口语
|
|
| 作者: | 郑仰成 主编 | |
| 分册: | ||
| 出版信息: | 北京 中国电力水利出版社 1999.12 |
|
| 页数: | 176页 | |
| 开本: | 16开 | |
| 丛书名: | ||
| 单 册: | ||
| 中图分类: | H319.4 | |
| 科图分类: | ||
| 主题词: | 英语 | |
| 电子资源: | ||
| ISBN: | 7-5084-0207-3 | |
| 000 | 00560nam0 2200193 45 | |
| 001 | 0011221117 | |
| 005 | 20001122110709.3 | |
| 010 | @a7-5084-0207-3@d40.00元 | |
| 100 | @a20001122d1999 km y0chiy0120 ea | |
| 101 | 0 | @achi |
| 105 | @a z 000yy | |
| 200 | 1 | @a电力实用英语口语@ADian Li Shi Yong Ying Yu Kou Yu@f郑仰成主编@FZheng Yang Cheng Zhu Bian |
| 210 | @a北京@c中国电力水利出版社@d1999.12 | |
| 215 | @a176页@d16开 | |
| 606 | 0 | @a英语 |
| 690 | @aH319.4@v3 | |
| 701 | 0 | @a郑仰成@4主编 |
| 801 | @aCN@bPftUser@c20001122 | |
| 905 | @b419155-156@dH319.4@e127@f2 | |
| 电力实用英语口语/郑仰成主编.-北京:中国电力水利出版社,1999.12 |
| 176页;16开 |
| ISBN 7-5084-0207-3:40.00元 |
| ● |
| 相关链接 |
|
|
|
正题名:电力实用英语口语
索取号:H319.4/127
 
预约/预借
| 序号 | 登录号 | 条形码 | 馆藏地/架位号 | 状态 | 备注 |
| 1 | 419155 | 204191551 | 语言库209/209语言库 43排7列1层/ [索取号:H319.4/127] | 在馆 | |
| 2 | 419156 | 204191560 | 语言库209/209语言库 43排7列1层/ [索取号:H319.4/127] | 在馆 |